La música española al comenzar el siglo XIX : (Record no. 170420)
[ view plain ]
| 000 -LEADER | |
|---|---|
| campo de control de longitud fija | 01372nab a2200241 i 4500 |
| 001 - NÚMERO DE CONTROL | |
| campo de control | 170420 |
| 003 - IDENTIFICADOR DE NÚMERO DE CONTROL | |
| campo de control | ES-MaACL |
| 005 - FECHA Y HORA DE LA ÚLTIMA TRANSACCIÓN | |
| campo de control | 20250823095221.0 |
| 008 - DATOS DE LONGITUD FIJA--INFORMACIÓN GENERAL | |
| campo de control de longitud fija | 090304m18861887sp g 000 0 spa d |
| 100 1# - ENTRADA PRINCIPAL--NOMBRE DE PERSONA | |
| Nombre de persona | Arrieta, Emilio |
| 9 (RLIN) | 234204 |
| 245 13 - MENCIÓN DEL TÍTULO | |
| Título | La música española al comenzar el siglo XIX : |
| Resto del título | su desarrollo y transformaciones ; La educación musical ; Influencia del italianismo : 17ª conferencia [del ciclo "La España del siglo XIX", Ateneo Científico, Literario y Artístico de Madrid] / |
| Mención de responsabilidad, etc. | orador, Emilio Arrieta. |
| 505 8# - NOTA DE CONTENIDO CON FORMATO | |
| Nota de contenido con formato | Contiene: Conferencia . Programa musical . Las quejas de Maruja: canción con acompañamiento de piano de Fernando Sors [partitura] |
| 610 24 - PUNTO DE ACCESO ADICIONAL DE MATERIA--NOMBRE DE ENTIDAD CORPORATIVA | |
| Nombre de entidad corporativa o nombre de jurisdicción como elemento de entrada | Ateneo de Madrid- |
| Subdivisión de forma | Conferencias- |
| Subdivisión cronológica | S.XIX. |
| 9 (RLIN) | 1910 |
| 610 24 - PUNTO DE ACCESO ADICIONAL DE MATERIA--NOMBRE DE ENTIDAD CORPORATIVA | |
| Nombre de entidad corporativa o nombre de jurisdicción como elemento de entrada | Ateneo de Madrid- |
| Subdivisión de forma | Obras digitalizadas. |
| 9 (RLIN) | 1930 |
| 650 #7 - PUNTO DE ACCESO ADICIONAL DE MATERIA--TÉRMINO DE MATERIA | |
| Término de materia o nombre geográfico como elemento de entrada | Música- |
| Subdivisión geográfica | España- |
| Subdivisión cronológica | S.XIX |
| Fuente del encabezamiento o término | |
| 9 (RLIN) | 138414 |
| 700 1# - ENTRADA AGREGADA--NOMBRE PERSONAL | |
| Nombre de persona | Sors, Fernando. |
| 9 (RLIN) | 227110 |
| 740 42 - ENTRADA AGREGADA--TÍTULO RELACIONADO/ANALÍTICO NO CONTROLADO | |
| Título relacionado o analítico no controlado | Las quejas de Maruja. |
| 773 0# - ASIENTO DE ITEM FUENTE | |
| Título | La España del siglo XIX : colección de conferencias históricas celebradas durante el curso de 1885-86 [y curso de 1886-87], |
| Lugar, editor y fecha de publicación | Madrid : Librería de Don Antonio San Martín, 1886-1887, |
| Parte(s) relacionada(s) | T. 2, p. 157-185 |
| Número bibliográfico anfitrión | 82158 |
| Número de ítem anfitrión | 85194 |
| Número de control del registro | 82158 |
| 856 4# - LOCALIZACIÓN Y ACCESO ELECTRÓNICOS | |
| Identificador Uniforme de Recursos | <a href="http://www.ateneodemadrid.com/biblioteca_digital/folletos/Folletos-0105.pdf">http://www.ateneodemadrid.com/biblioteca_digital/folletos/Folletos-0105.pdf</a> |
| Nota pública | Ver documento |
| 942 ## - ELEMENTOS DE ENTRADA SECUNDARIOS (KOHA) | |
| Tipo de ítem Koha | Capítulo de libro |
| Fuente del sistema de clasificación o colocación | Clasificación decimal universal |
No items available.
